Normal view
MARC view
- Pakistani literature
Entry Topical Term
001 - CONTROL NUMBER
- control field: 129784
003 - CONTROL NUMBER IDENTIFIER
- control field: NUST
005 - DATE AND TIME OF LATEST TRANSACTION
- control field: 20250713110600.0
008 - FIXED-LENGTH DATA ELEMENTS
- fixed length control field: 250713|| aca||aabn | a|a d
040 ## - CATALOGING SOURCE
- Original cataloging agency: NUST
- Transcribing agency: NUST
150 ## - HEADING--TOPICAL TERM
- Topical term or geographic name entry element: Pakistani literature
670 ## - SOURCE DATA FOUND
- Source citation: Work cat.: (NUST): Shahzad, Arfa 129783, Majeed Amjad ki Shayari ke Angrezi Tarajim/, 2019.
